00606nam a22002057a 450000500170000001000150001702000260003203500130005803500170007103500130008803700130010103700210011408200140013510000230014924500580017226000350023027000650026530000200033050000500035020180308122849.0 aENG-109784 a9789382730057c995.00 aEN-93317 aB-537207-211 aB-667694 bDBAD/PUB bK.K.Pub/Venadpl a025.00285 aRoybole, Sanjay D.00aComputer and library services /cby Sanjay D. Roybole aKanpurbGarima Prakashanc2013 a1st floor, Mayur Park, Basant Vihar NaubastabKanpure208021 a304p.c22cm(Hb) aIncludes bibliographical references and index